María Trinidad Sánchez : (Registro nro. 7463)

Detalles MARC
000 -LIDER
fixed length control field 00970nam a2200301 a 4500
001 - NÚMERO DE CONTROL
Identificador de número de control 000025203
003 - IDENTIFICACDOR DE NÚMERO DE CONTROL
control field DO-SdBNP
005 - DATE AND TIME OF LATEST TRANSACTION
control field 20180322134308.0
007 - CAMPOS FIJOS DE DESCRIPCIÓN FÍSICA
fixed length control field 000025203
008 - ELEMENTOS DE LONGITUD FIJA
fixed length control field 110211s2008 dr a 000 0 spa d
020 ## - ISBN
International Standard Book Number 9993483478
040 ## - FUENTE DE CATALOGACIÓN
Agencia que crea de manera original el registro BPMSU
Idioma de catalogación spa
Agencia que realiza la transcripción BPMSU
082 04 - NÚMERO DE CLASIFICACIÓN DECIMAL DE DEWEY
Classification number 920.72
Item number S211C, 2008
100 1# - ASIENTO PRINCIPAL -- NOMBRE PERSONAL
Nombre personal Cassá, Roberto
245 10 - MENCIÓN DE TITULO
Título María Trinidad Sánchez :
Subtítulo la heroína de febrero /
Mención de responsabilidad Roberto Cassá ; ilustraciones interior Ramiro Manzano.
250 ## - MENCIÓN DE EDICION
Mención de edición 3a ed.
260 ## - PUBLICACIÓN, DISTRIBUCIÓN, ETC. (PIE DE IMPRENTA)
Lugar de publicación, distribución, etc Santo Domingo :
Nombre del editor, distribuidor, etc. Tobogán,
Fecha de publicación, distribución, etc 2008.
300 ## - DESCRIPCIÓN FÍSICA
Extensión 59 p. :
Otros detalles físicos il. ;
Dimensiones 21 cm.
490 1# - MENCIÓN DE SERIES
Mención de serie Biografías dominicanas Tobogán
504 ## - NOTA DE BIBLIOGRAFÍA, ETC.
Bibliography, etc Bibliografía : p. 59
650 #4 - ENCABEZAMIENTO DE MATERIA--TEMÁTICO
Término temático o nombre geográfico como elemento de entrada SÁNCHEZ, MARÍA TRINIDAD,
Fechas activas 1784-1845
651 ## - ENCABEZAMIENTO DE MATERIA--NOMBRE GEOGRÁFICO
Nombre geográfico REPÚBLICA DOMINICANA
Subdivisión temática general BIOGRAFÍAS
700 1# - ASIENTO SECUNDARIO -- NOMBRE PERSONAL
Nombre personal Manzano, Ramiro,
Mención de responsabilidad il.
910 ## - VALIDACIÓN
Validación Validado. Control de calidad MFF
942 ## - ADDED ENTRY ELEMENTS (KOHA)
Source of classification or shelving scheme Dewey Decimal Classification
Koha item type Libros
945 ## - INFORMACIÓN DE PROCESAMIENTO LOCAL
Información de procesamiento local Remanejado para BNPHU / 2017 VM
956 ## - LOCAL ELECTRONIC LOCATION AND ACCESS (OCLC)
Nombre de host VMATEO
Número de acceso 10
Información de compresión 20150907
Inicio de sesión BPMSU
Procesador de solicitud 00151
Existencias
Withdrawn status Lost status Source of classification or shelving scheme Damaged status Not for loan Collection code Home library Current library Date acquired Total Checkouts Full call number Barcode Date last seen Price effective from Koha item type Copy number
    Dewey Decimal Classification     Colección Dominicana Biblioteca Pública Metropolitana Salomé Ureña Biblioteca Pública Metropolitana Salomé Ureña 02/20/2015   920.72 C343S, 2008 BPMSU15040059 02/20/2015 02/20/2015 Libros  
    Dewey Decimal Classification     Colección Dominicana Biblioteca Pública Metropolitana Salomé Ureña Biblioteca Pública Metropolitana Salomé Ureña 02/20/2015   920.72 C343S, 2008 BPMSU15040060 02/20/2015 02/20/2015 Libros e. 2
    Dewey Decimal Classification     Colección Dominicana Biblioteca Pública Metropolitana Salomé Ureña Biblioteca Pública Metropolitana Salomé Ureña 02/20/2015   920.72 C343S, 2008 BPMSU15040061 02/20/2015 02/20/2015 Libros e. 3